Network marketing : (Record no. 105017)

MARC details
000 -LEADER
fixed length control field 00559nam a22001817a 4500
005 - DATE AND TIME OF LATEST TRANSACTION
control field 20161207113735.0
010 ## - LCCN (DPL NO)
LC control number ENG-116768
020 ## - INTERNATIONAL STANDARD BOOK NUMBER
International Standard Book Number 9789351658443
Terms of availability 125.00
035 ## - SYSTEM CONTROL NUMBER
System control number EN-100300
037 ## - SOURCE OF ACQUISITION
Source of stock number/acquisition DBAD/PUB
082 ## - DEWEY DECIMAL CLASSIFICATION NUMBER
Classification number 658.84
100 ## - MAIN ENTRY--PERSONAL NAME
Personal name Sinha,Surya
245 ## - TITLE STATEMENT
Title Network marketing :
Statement of responsibility, etc by Surya Sinha
Remainder of title yourquestions and Surya Sinha's answers /
260 ## - PUBLICATION, DISTRIBUTION, ETC. (IMPRINT)
Place of publication, distribution, etc New Delhi
Name of publisher, distributor, etc Diamond Books
Date of publication, distribution, etc 2015
270 ## - ADDRESS
Address X-30,Okhla Industrial Area, Phase-II
City New Delhi
Postal code 110020
300 ## - PHYSICAL DESCRIPTION
Extent 119p.
Dimensions 24cm(pbk)
942 ## - ADDED ENTRY ELEMENTS (KOHA)
Source of classification or shelving scheme Dewey Decimal Classification
Item type English Books
Classification part 658.84
Call number suffix SIN
Holdings
Withdrawn status Lost status Not for loan Collection code Home library Current library Date acquired Source of acquisition Cost, normal purchase price Full call number Barcode Copy number Cost, replacement price Koha item type
    Not For Loan Non-fiction D.B.Act.Division D.B.Act.Division 07/12/2016 DBAD/PUB 150.00 658.84 SIN EN-100300 1 150.00 English Books

© Delhi Public Library
Hit Counter
free hit counter